[Rezension von: Elizabeth Burin, Manuscript illumination in Lyons 1473-1530]
Saved in:
| Published in: | Kunstform 4(2003), 3 |
|---|---|
| Main Author: | |
| Document Type: | Online Resource Article |
| Language: | German |
| Published: |
2003
|
| Subjects: | |
| Online Access: | kostenfrei |
| Related Items: | Enthalten in:
Kunstform Rezension von: Manuscript illumination in Lyons |
| Author Notes: | rezensiert von Nina Zenker |
| LEADER | 01687caa a2200349 c 4500 | ||
|---|---|---|---|
| 001 | 1920612297 | ||
| 003 | DE-627 | ||
| 005 | 20260419042927.0 | ||
| 007 | cr uuu---uuuuu | ||
| 008 | 250326s2003 xx |||||oo 00| ||ger c | ||
| 035 | |a (DE-627)1920612297 | ||
| 035 | |a (DE-599)KXP1920612297 | ||
| 035 | |a (OCoLC)1533756631 | ||
| 040 | |a DE-627 |b ger |c DE-627 |e rda | ||
| 041 | |a ger | ||
| 084 | |a KUNST |q DE-16 |2 fid | ||
| 100 | 1 | |a Zenker, Nina |e VerfasserIn |0 (DE-588)1227971753 |0 (DE-627)1749200961 |4 aut | |
| 245 | 1 | 0 | |a [Rezension von: Elizabeth Burin, Manuscript illumination in Lyons 1473-1530] |c rezensiert von Nina Zenker |
| 264 | 1 | |c 2003 | |
| 300 | |b Illustrationen | ||
| 336 | |a Text |b txt |2 rdacontent | ||
| 337 | |a Computermedien |b c |2 rdamedia | ||
| 338 | |a Online-Ressource |b cr |2 rdacarrier | ||
| 655 | 7 | |a Rezension |0 (DE-588)4049712-4 |0 (DE-627)106186019 |0 (DE-576)209083166 |2 gnd-content | |
| 773 | 0 | 8 | |i Enthalten in |t Kunstform |d München : Ludwig-Maximilians-Universität München, Institut für Kunstgeschichte, 2000 |g 4(2003), 3 |h Online-Ressource |w (DE-627)382929004 |w (DE-600)2140180-9 |w (DE-576)281244731 |x 1618-7199 |7 nnas |
| 773 | 1 | 8 | |g volume:4 |g year:2003 |g number:3 |
| 787 | 0 | 8 | |i Rezension von |a Burin, Elizabeth |t Manuscript illumination in Lyons |d Turnhout : Brepols, 2001 |h IX, 469 S. |w (DE-627)1621085481 |w (DE-576)095934596 |z 2503512321 |z 9782503512327 |
| 856 | 4 | 0 | |u https://www.arthistoricum.net/kunstform/rezension/ausgabe/2003/3/1590 |x Verlag |z kostenfrei |3 Volltext |7 0 |
| 951 | |a AR | ||
| 994 | |u https://www.arthistoricum.net/themen/rezensionen/kunstform/rezension/ausgabe/2003/3/1590 | ||
| 991 | |a Rezension (Monographie, Zeitschrift, Aufsatz) | ||
| 999 | |a KXP-PPN1920612297 |e 4957203385 | ||


